| 000 | 00491nam a22001817a 4500 | ||
|---|---|---|---|
| 005 | 20260205103834.0 | ||
| 008 | 260205b |||||||| |||| 00| 0 eng d | ||
| 020 | _a978-93-5460-036-4 | ||
| 100 | _aBROWN, JAMES WARD | ||
| 245 | _aCOMPLEX VARIABLES AND APPLICATIONS | ||
| 250 | _a9TH ED. | ||
| 260 |
_aNEW DELHI _bMCGRAW HILL _c2024 |
||
| 300 | _aXVI,4611P. | ||
| 500 | _aINCLUDES INDEX | ||
| 650 | _aFUCNTIONS OF COMPLEX VARIABLES | ||
| 700 | _aCHURCHILL, RUEL V. | ||
| 942 |
_2lcc _cBK |
||
| 999 |
_c216551 _d216551 |
||